| 000 | 00853nam a2200277 i 4500 | ||
|---|---|---|---|
| 001 | bg | ||
| 100 | 1 | _aBEER, G. | |
| 245 | 1 | 0 |
_aIntroduction to finite and boundary element methods for engineers / _cG. Beer, J. O. Watson. |
| 250 | _aDodr. | ||
| 260 |
_aChichester [i in.] : _bJohn Wiley, _c1994. |
||
| 300 |
_aXII, 509 s., [4] k.tabl. kolor. : _brys., wykr. ; _c24 cm. |
||
| 500 | _aDodr. do wyd.1 z 1992. | ||
| 504 | _aBibliogr. przy rozdz. | ||
| 650 | 9 | _aMetoda elementów skończonych | |
| 650 | 9 | _aMetody i |zagadnienia brzegowe | |
| 650 | 9 | _aAnaliza numeryczna | |
| 650 | 9 | _aMechanika stosowana | |
| 700 | 1 | _aWATSON, J. O. | |
| 020 | _a0471928135 | ||
| 040 | _cBPK | ||
| 041 | 0 | _aen | |
| 080 | _a621.01+624]:[519.61/.65:681.322.06.004.14 | ||
| 920 | _a0-471-92813-5 | ||
| 942 | _cKS | ||
| 008 | s pl f |000 0 pol | ||
| 999 |
_c30678 _d30678 |
||
| 856 |
_uhttp://koha.tu.koszalin.pl/cgi-bin/koha/opac-detail.pl?biblionumber=30678 _yKatalog online BPK |
||